[Event "ITA-chT 41st"]
[Site "Senigallia"]
[Date "2009.05.01"]
[Round "3"]
[White "Franchini, Gabriele"]
[Black "Tassi, Oliviero"]
[Result "0-1"]
[WhiteElo "2212"]
[BlackElo "2300"]
[PlyCount "54"]
[EventDate "2009.04.30"]
[EventType "team-tourn"]
[EventRounds "7"]
[EventCountry "ITA"]
[SourceTitle "CBM 130 Extra"]
[Source "ChessBase"]
[SourceDate "2009.07.02"]
[SourceVersion "2"]
[SourceVersionDate "2009.07.15"]
[SourceQuality "1"]

1. d4 Nf6 2. c4 e6 3. Nc3 b6 4. e4 Bb4 5. e5 Ne4 6. Qc2 Bb7 7. Nf3 f5 8. Bd3 h6 9. 0-0 Ng5 10. Nxg5 hxg5 11. a3 Bxc3 12. bxc3 g4 13. g3 Bf3 14. Be2 g5 15. Qd2 Bxe2 16. Qxe2 Qe7 17. f3 gxf3 18. Qxf3 Nc6 19. Qe3 Qh7 20. Rf2 Rg8 21. Kh1 0-0-0 22. d5 exd5 23. cxd5 f4 24. gxf4 gxf4 25. Qxf4 Nxe5 26. Rf1 Qd3 27. Be3 Qxd5+ 0-1

[Event "ITA-chT 38th"]
[Site "Porto San Giorgio"]
[Date "2006.04.21"]
[Round "1.3"]
[White "Borgo, Giulio"]
[Black "Tassi, Oliviero"]
[Result "1/2-1/2"]
[WhiteElo "2414"]
[BlackElo "2300"]
[PlyCount "100"]
[EventDate "2006.04.21"]
[EventType "team-swiss"]
[EventRounds "5"]
[EventCountry "ITA"]
[SourceTitle "EXT 2022"]
[Source "ChessBase"]
[SourceDate "2021.10.06"]
[SourceVersion "1"]
[SourceVersionDate "2021.10.06"]
[SourceQuality "1"]
[WhiteTeam "Marostica"]
[BlackTeam "Latina Bronstein"]
[WhiteTeamCountry "ITA"]
[BlackTeamCountry "ITA"]

1. e4 c5 2. Nf3 d6 3. d4 cxd4 4. Nxd4 Nf6 5. f3 e5 6. Bb5+ Nbd7 7. Nf5 a6 8. Bxd7+ Qxd7 9. Bg5 Qc6 10. Ne3 Be6 11. Nc3 Rc8 12. Qd3 Nd7 13. 0-0-0 f6 14. Bh4 Nb6 15. g4 Nc4 16. g5 b5 17. Ncd5 Nxe3 18. Nxe3 fxg5 19. Bxg5 h6 20. Bh4 g5 21. Bf2 Rh7 22. Nd5 Rf7 23. Kb1 g4 24. Be3 gxf3 25. b3 a5 26. Bf2 a4 27. Rhf1 a3 28. Be1 Bxd5 29. exd5 Qc5 30. Qg6 e4 31. Qxe4+ Be7 32. Bb4 Qc7 33. Qg6 Kf8 34. Qxh6+ Ke8 35. Qg6 Kf8 36. Rg1 Ke8 37. Rg3 Kd8 38. c4 Rf6 39. Qe4 bxc4 40. Rg8+ Rf8 41. Rxf8+ Bxf8 42. Re1 Qb6 43. Qxf3 Qxb4 44. Qxf8+ Kc7 45. Re7+ Kb8 46. Re8 Rxe8 47. Qxe8+ Kb7 48. Qc6+ Kb8 49. Qe8+ Kb7 50. Qd7+ Kb8 1/2-1/2

[Event "ITA-chT32nd"]
[Site "Castel Lagopesole"]
[Date "2000.05.13"]
[Round "?"]
[White "Rago, Riccardo"]
[Black "Tassi, Oliviero"]
[Result "1/2-1/2"]
[WhiteElo "2209"]
[BlackElo "2305"]
[PlyCount "120"]
[EventDate "2000.05.13"]
[EventType "team-tourn"]
[EventRounds "9"]
[EventCountry "ITA"]
[SourceTitle "EXT 2001"]
[Source "ChessBase"]
[SourceDate "2000.11.22"]
[SourceVersion "1"]
[SourceVersionDate "2000.11.22"]
[SourceQuality "1"]

1. e4 c5 2. Nf3 e6 3. d3 d5 4. Nbd2 Nc6 5. g3 Bd6 6. Bg2 Nge7 7. 0-0 0-0 8. Re1 Rb8 9. Nf1 f6 10. Ne3 d4 11. Nc4 e5 12. a4 Bc7 13. Bd2 b6 14. Nh4 a6 15. f4 b5 16. axb5 axb5 17. Na3 Be6 18. f5 Bf7 19. g4 Ba5 20. Nb1 Bxd2 21. Nxd2 c4 22. Bf1 cxd3 23. cxd3 Nb4 24. Ndf3 h6 25. Qd2 Qd6 26. Re2 Ra8 27. Rxa8 Rxa8 28. Rg2 Kf8 29. Ne1 Nec6 30. Nhf3 Ra1 31. h4 Qc5 32. g5 Qc1 33. gxf6 gxf6 34. Kf2 Qxd2+ 35. Nxd2 Ra2 36. Be2 Rxb2 37. Nef3 Bh5 38. Ke1 Nc2+ 39. Kf2 Na3 40. Rg1 b4 41. Rc1 Be8 42. Bd1 Na7 43. Ke1 N7b5 44. Rc8 Nc3 45. Nxe5 Ke7 46. Ng6+ Kd7 47. Rb8 Nab1 48. Nc4 Rh2 49. Bf3 Na3 50. e5 Nxc4 51. dxc4 d3 52. e6+ Kc7 53. Rxe8 d2+ 54. Kf1 Ne4 55. e7 Ng3+ 56. Kg1 Rh3 57. Rc8+ Kxc8 58. e8Q+ Kc7 59. Qe7+ Kc8 60. Qe8+ Kc7 1/2-1/2

[Event "ITA-chT UISP 18th"]
[Site "Montecatini Terme"]
[Date "1997.12.??"]
[Round "4"]
[White "Luciani, Valerio"]
[Black "Tassi, Oliviero"]
[Result "0-1"]
[WhiteElo "2225"]
[BlackElo "2305"]
[PlyCount "68"]
[EventDate "1997.12.??"]
[EventType "team-tourn"]
[EventRounds "8"]
[EventCountry "ITA"]
[SourceTitle "EXT 2024"]
[Source "ChessBase"]
[SourceDate "2023.10.10"]
[SourceVersion "1"]
[SourceVersionDate "2023.10.10"]
[SourceQuality "1"]

1. c4 Nf6 2. Nf3 c5 3. d4 cxd4 4. Nxd4 Nc6 5. g3 g6 6. Bg2 Bg7 7. 0-0 0-0 8. Nc3 Qa5 9. Nb3 Qh5 10. e4 Qxd1 11. Rxd1 d6 12. h3 Be6 13. Nd5 Rac8 14. Be3 Nd7 15. Nd4 Bxd5 16. cxd5 Nxd4 17. Bxd4 Rc2 18. Bxg7 Kxg7 19. Rab1 g5 20. Kf1 Rfc8 21. Ke1 R8c4 22. Rd2 Kf6 23. Kd1 Rxd2+ 24. Kxd2 a5 25. Ke3 Nc5 26. f3 Rc2 27. Bf1 Rh2 28. f4 h5 29. Kf3 Rc2 30. Ke3 a4 31. a3 Rh2 32. Kf3 Nb3 33. Ke3 gxf4+ 34. gxf4 Nd2 0-1

[Event "ITA-chT A1"]
[Site "Italy"]
[Date "1994.02.27"]
[Round "3.2"]
[White "Vallifuoco, Giacomo"]
[Black "Tassi, Oliviero"]
[Result "0-1"]
[WhiteElo "2395"]
[BlackElo "2320"]
[PlyCount "80"]
[EventDate "1994.01.30"]
[EventType "team-tourn"]
[EventRounds "7"]
[EventCountry "ITA"]
[SourceTitle "EXT 2022"]
[Source "ChessBase"]
[SourceDate "2021.10.06"]
[SourceVersion "1"]
[SourceVersionDate "2021.10.06"]
[SourceQuality "1"]
[WhiteTeam "Napoli Averno/Westend"]
[BlackTeam "Roma Mov Sport Pop"]
[WhiteTeamCountry "ITA"]
[BlackTeamCountry "ITA"]

1. d4 Nf6 2. c4 c5 3. d5 b5 4. cxb5 a6 5. e3 g6 6. Nc3 Bg7 7. a4 0-0 8. Ra3 e6 9. dxe6 fxe6 10. Qd6 Bb7 11. Nf3 Qc8 12. h4 c4 13. h5 gxh5 14. Rh4 axb5 15. axb5 Bxf3 16. gxf3 Qb7 17. Rxa8 Qxa8 18. Be2 Ne8 19. Qg3 d5 20. Rxh5 Nd7 21. f4 Qa5 22. f5 Ndf6 23. Rg5 Ne4 24. Qg2 Nxg5 25. Qxg5 Rxf5 26. Qe7 Bxc3+ 27. bxc3 Ng7 28. Bg4 Rf7 29. Bxe6 Nxe6 30. Qxe6 Qxb5 31. Qc8+ Kg7 32. Qg4+ Kf6 33. e4 dxe4 34. Qh4+ Ke6 35. Qh6+ Kd7 36. Bf4 Qb1+ 37. Ke2 Qd3+ 38. Ke1 Qxc3+ 39. Kf1 Qf6 40. Qh3+ Qf5 0-1

[Event "Banco di Roma-B"]
[Site "Rome"]
[Date "1985.??.??"]
[Round "9"]
[White "Durao, Joaquim Manuel"]
[Black "Tassi, Oliviero"]
[Result "1/2-1/2"]
[WhiteElo "2250"]
[BlackElo "2330"]
[PlyCount "28"]
[EventDate "1985.02.16"]
[EventType "tourn"]
[EventRounds "9"]
[EventCountry "ITA"]
[EventCategory "4"]
[SourceTitle "MCD"]
[Source "ChessBase"]
[SourceDate "1999.07.01"]
[SourceVersion "1"]
[SourceVersionDate "1999.07.01"]
[SourceQuality "1"]

1. d4 Nf6 2. Nf3 e6 3. c4 c5 4. Nc3 cxd4 5. Nxd4 Be7 6. e4 d6 7. Be2 0-0 8. 0-0 a6 9. Be3 Nbd7 10. Qd2 Qc7 11. f3 b6 12. Rfd1 Bb7 13. Rac1 Rfe8 14. b3 Rad8 1/2-1/2

[Event "Banco di Roma-B"]
[Site "Rome"]
[Date "1985.??.??"]
[Round "8"]
[White "Tassi, Oliviero"]
[Black "Passerotti, Pierluigi"]
[Result "1/2-1/2"]
[WhiteElo "2330"]
[BlackElo "2280"]
[PlyCount "34"]
[EventDate "1985.02.16"]
[EventType "tourn"]
[EventRounds "9"]
[EventCountry "ITA"]
[EventCategory "4"]
[SourceTitle "MCD"]
[Source "ChessBase"]
[SourceDate "1999.07.01"]
[SourceVersion "1"]
[SourceVersionDate "1999.07.01"]
[SourceQuality "1"]

1. c4 f5 2. Nf3 Nf6 3. b3 g6 4. Bb2 Bg7 5. e3 d6 6. d4 e5 7. dxe5 Ng4 8. Be2 Nxe5 9. Nxe5 Bxe5 10. Bxe5 dxe5 11. Qxd8+ Kxd8 12. Nc3 c6 13. 0-0-0+ Ke7 14. Rd2 Be6 15. Rhd1 Nd7 16. Na4 Rhd8 17. Kc2 Rac8 1/2-1/2

[Event "Rome-B"]
[Site "Rome"]
[Date "1984.??.??"]
[Round "9"]
[White "Andruet, Gilles"]
[Black "Tassi, Oliviero"]
[Result "1-0"]
[WhiteElo "2420"]
[BlackElo "2270"]
[PlyCount "59"]
[EventDate "1984.02.??"]
[EventType "tourn"]
[EventRounds "9"]
[EventCountry "ITA"]
[EventCategory "4"]
[SourceTitle "MCD"]
[Source "ChessBase"]
[SourceDate "1999.07.01"]
[SourceVersion "1"]
[SourceVersionDate "1999.07.01"]
[SourceQuality "1"]

1. e4 c5 2. Nc3 d6 3. Nge2 Nf6 4. g3 Nc6 5. Bg2 e5 6. d3 Be7 7. 0-0 h5 8. f4 g6 9. Nd5 h4 10. Nec3 hxg3 11. hxg3 Nd4 12. fxe5 Ng4 13. exd6 Bxd6 14. Bf4 g5 15. Bxd6 Qxd6 16. e5 Nxe5 17. Nf6+ Kd8 18. Nce4 Qf8 19. c3 Nf5 20. Rxf5 Bxf5 21. d4 Nc6 22. dxc5+ Kc7 23. Nd5+ Kb8 24. Nd6 Bc8 25. b4 Qh6 26. Nxc8 Rxc8 27. b5 Ne5 28. c6 Qd6 29. cxb7 Kxb7 30. Nb6+ 1-0

[Event "Rome-B"]
[Site "Rome"]
[Date "1984.??.??"]
[Round "4"]
[White "Tassi, Oliviero"]
[Black "Passerotti, Pierluigi"]
[Result "1-0"]
[WhiteElo "2270"]
[BlackElo "2325"]
[PlyCount "27"]
[EventDate "1984.02.??"]
[EventType "tourn"]
[EventRounds "9"]
[EventCountry "ITA"]
[EventCategory "4"]
[SourceTitle "MCD"]
[Source "ChessBase"]
[SourceDate "1999.07.01"]
[SourceVersion "1"]
[SourceVersionDate "1999.07.01"]
[SourceQuality "1"]

1. e4 c5 2. Nf3 Nc6 3. d4 cxd4 4. Nxd4 g6 5. Nc3 Bg7 6. Be3 Nf6 7. Nb3 0-0 8. Be2 d6 9. 0-0 Be6 10. f4 Na5 11. Rf2 Rc8 12. f5 Rxc3 13. bxc3 Nxe4 14. fxe6 1-0

[Event "Imperia op 25th"]
[Site "Imperia"]
[Date "1983.09.06"]
[Round "4"]
[White "Tassi, Oliviero"]
[Black "Paniagua, Roberto"]
[Result "1/2-1/2"]
[WhiteElo "2270"]
[BlackElo "2245"]
[PlyCount "28"]
[EventDate "1983.09.03"]
[EventType "swiss"]
[EventRounds "9"]
[EventCountry "ITA"]
[SourceTitle "EXT 2023"]
[Source "ChessBase"]
[SourceDate "2022.10.05"]
[SourceVersion "1"]
[SourceVersionDate "2022.10.05"]
[SourceQuality "1"]

1. e4 Nf6 2. e5 Nd5 3. d4 d6 4. Nf3 Bg4 5. Be2 e6 6. 0-0 a6 7. c4 Nb6 8. exd6 cxd6 9. Qb3 Nc6 10. Be3 Na5 11. Qc2 Rc8 12. c5 Bf5 13. Qc1 Nd5 14. Bg5 f6 1/2-1/2

[Event "Imperia op 25th"]
[Site "Imperia"]
[Date "1983.09.04"]
[Round "2"]
[White "Mrdja, Milan"]
[Black "Tassi, Oliviero"]
[Result "1-0"]
[WhiteElo "2345"]
[BlackElo "2270"]
[PlyCount "47"]
[EventDate "1983.09.03"]
[EventType "swiss"]
[EventRounds "9"]
[EventCountry "ITA"]
[SourceTitle "EXT 2023"]
[Source "ChessBase"]
[SourceDate "2022.10.05"]
[SourceVersion "1"]
[SourceVersionDate "2022.10.05"]
[SourceQuality "1"]

1. e4 c5 2. Nf3 d6 3. Nc3 Nf6 4. d4 cxd4 5. Nxd4 a6 6. f4 Nbd7 7. Be2 g6 8. g4 e5 9. Nb3 d5 10. exd5 Nb6 11. 0-0 Nbxd5 12. Nxd5 Nxd5 13. fxe5 Qb6+ 14. Qd4 Qxd4+ 15. Nxd4 Bc5 16. c3 0-0 17. Bf3 Nc7 18. Kg2 Re8 19. Bf4 Be6 20. Nb3 Bxb3 21. axb3 Re6 22. b4 Bf8 23. Bxb7 Rb8 24. Bf3 1-0

[Event "Venice tt"]
[Site "Venice"]
[Date "1983.??.??"]
[Round "?"]
[White "Tassi, Oliviero"]
[Black "Ceschia, Ivano"]
[Result "1-0"]
[WhiteElo "2250"]
[BlackElo "2310"]
[PlyCount "94"]
[EventDate "1983.??.??"]
[EventType "team"]
[EventRounds "9"]
[EventCountry "ITA"]
[SourceTitle "EXT 2002"]
[Source "ChessBase"]
[SourceDate "2001.11.25"]
[SourceVersion "1"]
[SourceVersionDate "2001.11.25"]
[SourceQuality "1"]

1. e4 Nf6 2. e5 Nd5 3. d4 d6 4. Nf3 Bg4 5. Be2 e6 6. 0-0 Be7 7. c4 Nb6 8. exd6 cxd6 9. Nc3 0-0 10. a4 a5 11. Qb3 Na6 12. Rd1 Nb4 13. Bf4 d5 14. c5 Bxf3 15. Bxf3 Nd7 16. Na2 Nc6 17. Qxb7 Rc8 18. Rac1 Bf6 19. Bd6 Nxd4 20. Bxf8 Nxf3+ 21. gxf3 Nxf8 22. Qb6 Qe7 23. Qd6 Qb7 24. c6 Qxb2 25. c7 Be5 26. Qd8 Qb7 27. Rb1 Qxc7 28. Qxc7 Rxc7 29. Rb5 Rc2 30. Nc1 Bc3 31. Nb3 Ra2 32. Rc1 d4 33. Nxa5 Rxa4 34. Nc6 g6 35. Rb8 Kg7 36. Rd8 h5 37. Rb1 Rc4 38. Ne5 Rc5 39. f4 Rc7 40. Rbb8 f6 41. Rxf8 fxe5 42. fxe5 d3 43. Rfd8 Bxe5 44. Rb1 Rc3 45. Rd1 Kf6 46. R8xd3 Rc4 47. h3 Bf4 1-0

[Event "Rome-B"]
[Site "Rome"]
[Date "1982.??.??"]
[Round "?"]
[White "Rigo, Janos"]
[Black "Tassi, Oliviero"]
[Result "1-0"]
[WhiteElo "2320"]
[BlackElo "2205"]
[PlyCount "71"]
[EventDate "1982.02.??"]
[EventType "tourn"]
[EventRounds "9"]
[EventCountry "ITA"]
[EventCategory "3"]
[SourceTitle "MCD"]
[Source "ChessBase"]
[SourceDate "1999.07.01"]
[SourceVersion "1"]
[SourceVersionDate "1999.07.01"]
[SourceQuality "1"]

1. e4 c5 2. Nf3 d6 3. d4 cxd4 4. Nxd4 Nf6 5. Nc3 a6 6. Be3 e5 7. Nf3 Qc7 8. a4 Be7 9. a5 Bd7 10. Nd2 Bc6 11. Nc4 Nbd7 12. f3 0-0 13. Be2 Rad8 14. 0-0 Qb8 15. Qd2 Nc5 16. Nb6 Ne6 17. Ncd5 Bxd5 18. exd5 Nc5 19. b4 Ncd7 20. Na4 Ne8 21. c4 f5 22. Bd3 Rc8 23. Rfc1 g6 24. c5 Ndf6 25. Nb6 Rc7 26. c6 Bd8 27. b5 axb5 28. cxb7 Rxc1+ 29. Qxc1 Bxb6 30. axb6 Qxb7 31. Qc6 Rf7 32. Bxb5 f4 33. Bf2 e4 34. Ra7 Qxc6 35. Bxc6 Rf8 36. Bd4 1-0

[Event "Rome-B"]
[Site "Rome"]
[Date "1982.??.??"]
[Round "?"]
[White "Tassi, Oliviero"]
[Black "Hess, Ralf"]
[Result "0-1"]
[WhiteElo "2205"]
[BlackElo "2390"]
[PlyCount "80"]
[EventDate "1982.02.??"]
[EventType "tourn"]
[EventRounds "9"]
[EventCountry "ITA"]
[EventCategory "3"]
[SourceTitle "MCD"]
[Source "ChessBase"]
[SourceDate "1999.07.01"]
[SourceVersion "1"]
[SourceVersionDate "1999.07.01"]
[SourceQuality "1"]

1. e4 e5 2. Nc3 Nf6 3. f4 d5 4. fxe5 Nxe4 5. Nf3 Bb4 6. Be2 Nc6 7. 0-0 0-0 8. Na4 f6 9. c3 Be7 10. d3 Nc5 11. Nxc5 Bxc5+ 12. d4 Be7 13. exf6 Rxf6 14. h3 Qd6 15. Bd3 Qg3 16. Qe2 Bxh3 17. Bg5 Rf7 18. Bxe7 Rxe7 19. Qf2 Qxf2+ 20. Rxf2 Bd7 21. Raf1 Rae8 22. Bc2 Na5 23. Ng5 g6 24. Bd3 b6 25. b3 Nc6 26. Rf6 Nd8 27. c4 Ne6 28. Nxe6 Bxe6 29. Rc1 Rf8 30. Rxf8+ Kxf8 31. Be2 dxc4 32. bxc4 Bf5 33. Bf3 Re3 34. c5 Ke8 35. a4 Kd7 36. cxb6 axb6 37. a5 bxa5 38. Ra1 Rd3 39. d5 g5 40. Rxa5 g4 0-1

[Event "ITA-ch 41st sf"]
[Site "Milan"]
[Date "1981.05.30"]
[Round "8"]
[White "Tassi, Oliviero"]
[Black "Rossi, Carlo"]
[Result "1/2-1/2"]
[WhiteElo "2221"]
[BlackElo "2197"]
[PlyCount "106"]
[EventDate "1981.05.23"]
[EventType "swiss"]
[EventRounds "9"]
[EventCountry "ITA"]
[SourceTitle "EXT 2023"]
[Source "ChessBase"]
[SourceDate "2022.10.05"]
[SourceVersion "1"]
[SourceVersionDate "2022.10.05"]
[SourceQuality "1"]

1. c4 e5 2. Nc3 Nf6 3. g3 Bb4 4. Bg2 0-0 5. Qb3 Bxc3 6. Qxc3 Re8 7. e4 c5 8. d3 Nc6 9. Ne2 d6 10. 0-0 Nd7 11. f4 Nd4 12. Nxd4 cxd4 13. Qc2 a5 14. f5 f6 15. g4 Nc5 16. Rf3 Kf7 17. b3 Bd7 18. Qf2 h6 19. h4 Rh8 20. Rg3 Qb6 21. Bd2 Qc7 22. Bf1 Rag8 23. Be2 b6 24. Qg2 Qd8 25. Rf1 Qf8 26. Rf2 Ke7 27. Qf1 Be8 28. Qd1 Bf7 29. Rh2 Qa8 30. Qf1 Qf8 31. Qg2 Qa8 32. g5 hxg5 33. hxg5 Rxh2 34. Qxh2 Rh8 35. Rh3 Rxh3 36. Qxh3 Qf8 37. Qh7 fxg5 38. Bxg5+ Ke8 39. Qh4 Kd7 40. Qh3 Kc7 41. Kf1 Kc6 42. Qh4 Kd7 43. Ke1 Na6 44. Bd2 Nc5 45. f6 gxf6 46. Qxf6 Qe7 47. Qxe7+ Kxe7 48. Kd1 Kd7 49. Kc2 Kc7 50. a3 Be8 51. Bc1 Bd7 52. b4 axb4 53. axb4 Ne6 1/2-1/2